[Event "SV Mülheim-Nord 4 - SK Sodingen/Castrop"]
[Site "Verbandsliga, Gruppe 1 2017/2"]
[Date "2017.12.03"]
[Round "4.6"]
[White "Stoer, Agnes"]
[Black "Hessel, Malte"]
[Result "0-1"]
[WhiteElo "1801"]
[BlackElo "1873"]
[PlyCount "56"]
[EventDate "2017.??.??"]

1. c4 Nf6 2. g3 d5 3. d4 c6 4. Bg2 e6 5. Qc2 Bd6 6. Nc3 dxc4 7. Bd2 O-O 8. Ne4
Nxe4 9. Bxe4 f5 10. Bg2 Nd7 11. e4 fxe4 12. Bxe4 Nf6 13. Bf3 Qb6 14. Ne2 Bd7
15. O-O c5 16. Qxc4 cxd4 17. Qxd4 Bc5 18. Qe5 Bxf2+ 19. Rxf2 Qxf2+ 20. Kxf2
Ng4+ 21. Kg2 Nxe5 22. Bxb7 Rab8 23. Ba6 Bc6+ 24. Kh3 Rb6 25. Bc3 Rxa6 26. Bxe5
Ra5 27. Bf4 Bf3 28. Nd4 Rh5# 0-1

[Event "SV Mülheim-Nord 4 - SK Sodingen/Castrop"]
[Site "Verbandsliga, Gruppe 1 2017/2"]
[Date "2017.12.03"]
[Round "4.7"]
[White "Mittelbachert, Ulrich"]
[Black "Bartelt, Max Peter"]
[Result "1/2-1/2"]
[WhiteElo "1834"]
[BlackElo "1822"]
[Annotator "Daniel"]
[PlyCount "82"]
[EventDate "2017.??.??"]

1. Nf3 d5 2. g3 c6 3. Bg2 Nf6 4. O-O g6 5. d3 Bg4 6. Nbd2 Nbd7 7. c4 Bg7 8. h3
Bxf3 9. Bxf3 e6 10. Bg2 O-O 11. Rb1 a5 12. b3 Qb8 13. Bb2 b5 14. Qc2 Rc8 15. e4
Ra7 16. Rfe1 Ne8 17. Bxg7 Kxg7 18. d4 a4 19. h4 Qc7 20. Nf1 bxc4 21. bxc4 Nd6
22. Ne3 dxe4 23. Bxe4 Nxe4 24. Qxe4 Nf6 25. Qe5 Qxe5 26. dxe5 Ne4 27. Kg2 Rd7
28. Rb2 Rcd8 29. Rc2 a3 30. c5 $11 Rd2 31. Rxd2 Rxd2 32. Nc4 Rd4 33. Nxa3 Nxc5
34. Nc2 Rd2 35. Nb4 Nd3 36. Nxd3 Rxd3 37. Rc1 Ra3 38. Rxc6 Rxa2 39. Kf3 h6 $11
40. Ke3 Ra4 41. Rd6 Ra5 1/2-1/2

[Event "SV Mülheim-Nord 4 - SK Sodingen/Castrop"]
[Site "Verbandsliga, Gruppe 1 2017/2"]
[Date "2017.12.03"]
[Round "4.8"]
[White "Oltmanns, Jan"]
[Black "Zobiegala, Christoph"]
[Result "0-1"]
[WhiteElo "1749"]
[BlackElo "1880"]
[PlyCount "134"]
[EventDate "2017.??.??"]

1. e4 c5 2. Nf3 d6 3. d4 cxd4 4. Nxd4 Nf6 5. Nc3 a6 6. a4 b6 7. Bc4 e6 8. O-O
Be7 9. Qf3 Qc7 10. Bb3 O-O 11. Bg5 Nc6 12. Nce2 Ne5 13. Qc3 Qc5 14. f3 Bb7 15.
Be3 Qxc3 16. Nxc3 Ned7 17. Rfd1 Nc5 18. Ba2 Rac8 19. a5 b5 20. Nce2 Rfd8 21.
Rd2 Nfd7 22. Rad1 Ne5 23. c3 Ba8 24. b4 Na4 25. Nxe6 fxe6 26. Bxe6+ Kf8 27.
Bxc8 Rxc8 28. Bf4 Nc4 29. Rd4 Nab2 30. Rb1 Rd8 31. Bc1 Na4 32. Ra1 Rc8 33. Kf2
Bf6 34. Rd3 Ke7 35. Bf4 Nab2 36. Rd4 Bxd4+ 37. Nxd4 g6 38. Ke2 Ne5 39. Kd2 Bc6
40. Kc2 Nbc4 41. Rd1 Bd7 42. h4 Nf7 43. Rh1 h6 44. h5 g5 45. Bc1 Nce5 46. g3
Nc6 47. Kd3 Nfe5+ 48. Ke2 Nxd4+ 49. cxd4 Nc6 50. f4 Nxd4+ 51. Kd3 Ne6 52. fxg5
Nxg5 53. Bxg5+ hxg5 54. h6 Kf7 55. h7 Kg7 56. Kd4 Be6 57. Rh2 Rc4+ 58. Kd3 Kh8
59. Rh6 Bc8 60. Rxd6 Kxh7 61. e5 Kg7 62. Rd8 Kf7 63. Rh8 Ke6 64. Re8+ Kd5 65.
Rg8 g4 66. Re8 Be6 67. Ra8 Rc6 0-1

[Event "SF Essen-Katernberg  3 - SV Bönen 1"]
[Site "Verbandsliga, Gruppe 1 2017/2"]
[Date "2017.12.03"]
[Round "4.1"]
[White "Schlottmann, Fabian"]
[Black "Villwock, Martin"]
[Result "1-0"]
[WhiteElo "2282"]
[BlackElo "2075"]
[PlyCount "107"]
[EventDate "2017.??.??"]

1. e4 c5 2. Nf3 Nc6 3. Bb5 d6 4. O-O Bd7 5. c3 a6 6. Bxc6 Bxc6 7. Re1 e5 8. d4
Qc7 9. b4 b6 10. Na3 Nf6 11. Nc4 Nxe4 12. bxc5 bxc5 13. dxe5 d5 14. Ng5 Be7 15.
Nxe4 dxe4 16. Qg4 Kf8 17. Bg5 h5 18. Bxe7+ Qxe7 19. Qf4 h4 20. Rad1 Rh5 21. Rd6
Bb5 22. Qxe4 Re8 23. f4 Bxc4 24. Qxc4 Rf5 25. Rxa6 g5 26. Qe4 Rxf4 27. Qh7 f6
28. Qh8+ Kf7 29. Qh5+ Kf8 30. g3 hxg3 31. hxg3 Rf5 32. Qh6+ Qg7 33. Qxg7+ Kxg7
34. e6 Rf3 35. Kg2 Rxc3 36. g4 Rc2+ 37. Kf3 Rc4 38. Re4 Rc3+ 39. Re3 Rc4 40. a4
Rf4+ 41. Kg3 f5 42. gxf5 Kf6 43. e7+ Kxf5 44. a5 Rg4+ 45. Kf2 Rf4+ 46. Ke2 Re4
47. Rf6+ Ke5 48. Rxe4+ Kxe4 49. Rf7 c4 50. a6 c3 51. a7 Kd4 52. Kd1 Kd3 53.
Rf3+ Kd4 54. Rf8 1-0

[Event "SF Essen-Katernberg  3 - SV Bönen 1"]
[Site "Verbandsliga, Gruppe 1 2017/2"]
[Date "2017.12.03"]
[Round "4.2"]
[White "Stratmann, Holger"]
[Black "Lenz, Guntram"]
[Result "0-1"]
[WhiteElo "1997"]
[BlackElo "1952"]
[Annotator "Daniel"]
[PlyCount "56"]
[EventDate "2017.??.??"]

1. e4 c5 2. Nf3 e6 3. d3 Nc6 4. g3 d5 5. Nbd2 Nf6 6. Bg2 Be7 7. O-O O-O 8. Re1
b5 9. e5 Nd7 10. h4 a5 11. Nf1 a4 12. a3 Ba6 13. Bf4 Re8 14. N1h2 Rc8 15. h5
Nd4 16. Nxd4 cxd4 17. Qg4 Kh8 18. Re2 Qb6 19. h6 g6 20. Bxd5 exd5 21. Qxd7 Rcd8
22. Qg4 Bc8 23. Qf3 Qe6 24. Bd2 Rg8 25. Qf4 g5 26. Qxd4 Rg6 27. f3 Qh3 28. Qf2
Rxh6 {ZAo} 0-1

[Event "SF Essen-Katernberg  3 - SV Bönen 1"]
[Site "Verbandsliga, Gruppe 1 2017/2"]
[Date "2017.12.03"]
[Round "4.3"]
[White "Fuest, Torsten"]
[Black "Gorainow, Nikita"]
[Result "1-0"]
[WhiteElo "1888"]
[BlackElo "1912"]
[PlyCount "57"]
[EventDate "2017.??.??"]

1. d4 f5 2. Bf4 Nf6 3. Nf3 e6 4. e3 b6 5. c4 Bb4+ 6. Nbd2 O-O 7. Bd3 d6 8. Qc2
Bb7 9. O-O-O Bxd2+ 10. Qxd2 Nbd7 11. Rhg1 Qe7 12. Bg5 h6 13. Bh4 g5 14. Bg3 Ne4
15. Qc2 e5 16. dxe5 dxe5 17. c5 bxc5 18. Qb3+ Kh8 19. Qxb7 Nxg3 20. hxg3 e4 21.
Bb5 Nf6 22. Nd2 Rab8 23. Qa6 Rb6 24. Qa5 Rfb8 25. Bc4 Rxb2 26. Bb3 Rxd2 27.
Rxd2 Qe5 28. Kc2 c4 29. Qxe5 1-0

[Event "SF Essen-Katernberg  3 - SV Bönen 1"]
[Site "Verbandsliga, Gruppe 1 2017/2"]
[Date "2017.12.03"]
[Round "4.4"]
[White "Kudelka, Josua"]
[Black "Schoetz, Hans-Joachim"]
[Result "1-0"]
[WhiteElo "1906"]
[BlackElo "1914"]
[PlyCount "85"]
[EventDate "2017.??.??"]

1. e4 c5 2. Nf3 d6 3. d4 cxd4 4. Nxd4 Nf6 5. Nc3 a6 6. h3 e6 7. g4 h6 8. Bg2
Nbd7 9. O-O g5 10. Re1 Qc7 11. Nde2 b5 12. e5 Nxe5 13. Bxa8 Bb7 14. Bxb7 Qxb7
15. Nd4 h5 16. Rxe5 dxe5 17. Qf3 Qxf3 18. Nxf3 hxg4 19. Bxg5 Nh7 20. hxg4 Nxg5
21. Nxg5 Rg8 22. Nge4 Rxg4+ 23. Kf1 Be7 24. a3 f5 25. Nd2 Bc5 26. Re1 e4 27. b4
Bb6 28. Nb3 Rh4 29. a4 Rh3 30. a5 Bxa5 31. bxa5 Rxc3 32. Re2 e5 33. Ke1 Ke7 34.
Kd2 Rc4 35. f3 exf3 36. Rxe5+ Kf6 37. Re3 Rf4 38. Ke1 Kg5 39. Kf2 Kg4 40. Rd3
Rc4 41. Rd4+ Rxd4 42. Nxd4 Kf4 43. Nxb5 1-0

[Event "SF Essen-Katernberg  3 - SV Bönen 1"]
[Site "Verbandsliga, Gruppe 1 2017/2"]
[Date "2017.12.03"]
[Round "4.5"]
[White "Helmert, Jochen"]
[Black "Riesenbeck, Juergen"]
[Result "0-1"]
[WhiteElo "1874"]
[BlackElo "2003"]
[PlyCount "73"]
[EventDate "2017.??.??"]

1. e4 e6 2. d4 d5 3. e5 c5 4. c3 Nc6 5. Be3 cxd4 6. cxd4 Qb6 7. Qd2 Nge7 8. Nc3
Nf5 9. Nf3 Be7 10. Bd3 Nxe3 11. fxe3 Bd7 12. O-O f5 13. Rac1 O-O 14. Kh1 Rac8
15. Na4 Qb4 16. Nc5 Qxd2 17. Nxd2 Nxe5 18. Nxd7 Nxd7 19. Nf3 Nb6 20. Rce1 Rc7
21. h3 g6 22. g4 Bf6 23. Re2 Rfc8 24. Kg2 Nc4 25. Kg3 Nd6 26. gxf5 exf5 27. h4
Re7 28. Kh3 Rce8 29. Rfe1 Nc4 30. b3 Nd6 31. Nd2 Rc8 32. Nb1 b5 33. Rf1 b4 34.
a3 bxa3 35. Nxa3 Rc3 36. Nb5 Rxd3 37. Nxd6 0-1

[Event "SF Essen-Katernberg  3 - SV Bönen 1"]
[Site "Verbandsliga, Gruppe 1 2017/2"]
[Date "2017.12.03"]
[Round "4.6"]
[White "Mueller-Clostermann, Bruno"]
[Black "Medger, Gernot"]
[Result "1-0"]
[WhiteElo "2013"]
[BlackElo "1806"]
[PlyCount "101"]
[EventDate "2017.??.??"]

1. d4 Nf6 2. c4 e5 3. dxe5 Ne4 4. Nf3 Bb4+ 5. Nbd2 Nc6 6. e3 O-O 7. Be2 Nxd2 8.
Bxd2 Bxd2+ 9. Qxd2 Qe7 10. O-O Nxe5 11. Nxe5 Qxe5 12. f4 Qe7 13. Bf3 d6 14.
Rad1 Rb8 15. Qd4 b6 16. Rfe1 Be6 17. Bc6 Rbd8 18. e4 Bd7 19. Bxd7 Qxd7 20. Rd3
Qe7 21. Rde3 Qf6 22. Qxf6 gxf6 23. Kf2 Rfe8 24. b4 a6 25. Rg3+ Kh8 26. Ra3 Ra8
27. Ree3 b5 28. cxb5 axb5 29. Kf3 c5 30. bxc5 dxc5 31. Rab3 b4 32. a3 Rab8 33.
axb4 c4 34. Rb2 Red8 35. Rc3 Rbc8 36. Ke3 Rd1 37. Rbc2 Re1+ 38. Kf3 Rf1+ 39.
Kg4 h5+ 40. Kf5 Rb8 41. Rxc4 Kg7 42. Rb2 Ra1 43. e5 fxe5 44. fxe5 Ra4 45. g4
Rb5 46. gxh5 Ra7 47. Rc5 Rb6 48. b5 Rab7 49. Rg2+ Kh7 50. Rc8 Rxb5 51. Rgg8 1-0

[Event "SF Essen-Katernberg  3 - SV Bönen 1"]
[Site "Verbandsliga, Gruppe 1 2017/2"]
[Date "2017.12.03"]
[Round "4.7"]
[White "Volling, Andreas"]
[Black "Schmitz, Edgar"]
[Result "1/2-1/2"]
[WhiteElo "1841"]
[BlackElo "1849"]
[Annotator "Daniel"]
[PlyCount "64"]
[EventDate "2017.??.??"]

1. d4 Nf6 2. c4 e6 3. Nf3 d5 4. Nc3 dxc4 5. e3 a6 6. Bxc4 b5 7. Be2 Bb7 8. O-O
Nbd7 9. a3 c5 10. b3 Be7 11. Bb2 O-O 12. dxc5 Nxc5 13. b4 Nce4 14. Nd4 Nxc3 15.
Bxc3 Rc8 16. Rc1 Qb6 17. Bf3 Rfd8 18. Qe2 $11 Nd5 19. Bb2 Bf6 20. Nb3 Nc3 21.
Bxc3 Bxf3 22. Qxf3 Rxc3 23. Rxc3 Bxc3 24. Nc5 h6 25. Rd1 Rxd1+ 26. Qxd1 a5 27.
Qd7 axb4 28. Qe8+ Kh7 29. Nd7 Qd6 30. Nf8+ Kg8 31. Nxe6+ Kh7 32. Nf8+ Kg8
1/2-1/2

[Event "SF Essen-Katernberg  3 - SV Bönen 1"]
[Site "Verbandsliga, Gruppe 1 2017/2"]
[Date "2017.12.03"]
[Round "4.8"]
[White "Dette, Tim"]
[Black "Wegner, Stephan"]
[Result "1/2-1/2"]
[WhiteElo "1816"]
[BlackElo "1790"]
[Annotator "Daniel"]
[PlyCount "83"]
[EventDate "2017.??.??"]

1. e4 e6 2. d4 d5 3. exd5 exd5 4. Nf3 Bd6 5. Bd3 Nc6 6. O-O Nge7 7. Re1 Bg4 8.
c3 f6 9. h3 Bh5 10. Na3 Qd7 11. Nb5 O-O-O 12. Nxd6+ Qxd6 13. b4 g5 14. Qe2 Rde8
15. Qe6+ Qxe6 16. Rxe6 Ng8 17. Bf5 Kd8 18. Ba3 Bf7 19. Rxe8+ Kxe8 20. Re1+ Kd8
21. Nd2 Nce7 22. Bd3 Bg6 23. Bxg6 Nxg6 24. Nb3 b6 25. b5 Kd7 26. Bb4 N8e7 27.
a4 Nf5 28. Kf1 Nf4 29. Ba3 Nd6 30. Nd2 Re8 31. Rxe8 $11 Nxe8 32. g3 Ng6 33. Ke2
h5 34. Kd3 Nd6 35. Bxd6 Kxd6 36. c4 f5 37. Nf3 g4 38. hxg4 fxg4 39. Ng5 h4 40.
gxh4 Nxh4 41. cxd5 Kxd5 42. Ne4 1/2-1/2

[Event "Sport Union Annen 1 - SV Eichlinghofen "]
[Site "Verbandsliga, Gruppe 1 2017/2"]
[Date "2017.12.03"]
[Round "4.1"]
[White "Watzlawek, Markus"]
[Black "Mainka, Gregor"]
[Result "0-1"]
[WhiteElo "2073"]
[BlackElo "2183"]
[PlyCount "66"]
[EventDate "2017.??.??"]

1. d4 d5 2. Nf3 e6 3. c4 Nf6 4. g3 Bb4+ 5. Bd2 Bxd2+ 6. Nbxd2 dxc4 7. Nxc4 b6
8. Qa4+ Qd7 9. Qxd7+ Nfxd7 10. Bg2 Bb7 11. O-O Ke7 12. Rac1 Rc8 13. b4 f6 14.
Rfd1 a5 15. b5 c6 16. Nfd2 Ra7 17. bxc6 Bxc6 18. e4 Ba4 19. Re1 Rac7 20. d5 Rc5
21. d6+ Kd8 22. Rb1 Rxc4 23. Nxc4 Rxc4 24. Bh3 e5 25. Rbc1 Rd4 26. f4 Rxd6 27.
fxe5 Rd2 28. exf6 gxf6 29. Be6 Nc5 30. Bc4 Nc6 31. Re2 Rd4 32. Bd5 Ne5 33. Rb2
Ncd3 0-1

[Event "Sport Union Annen 1 - SV Eichlinghofen "]
[Site "Verbandsliga, Gruppe 1 2017/2"]
[Date "2017.12.03"]
[Round "4.3"]
[White "Kropp, Andreas"]
[Black "Herrmann, Uwe"]
[Result "1-0"]
[WhiteElo "1931"]
[BlackElo "1923"]
[PlyCount "63"]
[EventDate "2017.??.??"]

1. Nf3 Nf6 2. c4 g6 3. Nc3 Bg7 4. e4 d6 5. d4 O-O 6. Be2 Nbd7 7. O-O e5 8. d5
a5 9. Be3 Re8 10. Ne1 Nc5 11. f3 Nh5 12. Nd3 Nxd3 13. Bxd3 Nf4 14. Kh1 Nxd3 15.
Qxd3 f5 16. c5 fxe4 17. fxe4 Bd7 18. Rac1 Rf8 19. Nb5 Rxf1+ 20. Rxf1 Bf8 21.
Qc4 Bxb5 22. Qxb5 dxc5 23. Qxb7 Rb8 24. Qa6 Qd6 25. Qxa5 Rxb2 26. Qa8 Kg7 27.
Qe8 Qe7 28. Qa8 Re2 29. Bg5 Qd6 30. Qe8 h6 31. Qf7+ Kh8 32. Bf6+ 1-0

[Event "Sport Union Annen 1 - SV Eichlinghofen "]
[Site "Verbandsliga, Gruppe 1 2017/2"]
[Date "2017.12.03"]
[Round "4.4"]
[White "Sondermann, Dirk"]
[Black "Dreier, Daniel"]
[Result "1-0"]
[WhiteElo "1816"]
[BlackElo "1958"]
[PlyCount "69"]
[EventDate "2017.??.??"]

1. d4 Nf6 2. Nf3 d6 3. c4 e5 4. dxe5 Ne4 5. Nbd2 Bf5 6. e3 Nc6 7. Be2 g5 8. O-O
Be7 9. Nxe4 Bxe4 10. Nd2 Bf5 11. exd6 Bxd6 12. e4 Be6 13. Nf3 Rg8 14. Be3 Qe7
15. Qa4 Bd7 16. Qb3 g4 17. Nd2 O-O-O 18. c5 Bxc5 19. Rfd1 Nd4 20. Bxd4 Bxd4 21.
Rf1 Rg6 22. g3 h5 23. h4 gxh3 24. Bxh5 Rg5 25. Bxf7 Qe5 26. Kh2 Bg4 27. Bd5
Rxd5 28. exd5 Qe2 29. Qb4 Bxf2 30. Qf8+ Kd7 31. Rxf2 Rf5 32. Qg7+ Ke8 33. Rxe2+
Bxe2 34. Qg6+ Rf7 35. Re1 1-0

[Event "Sport Union Annen 1 - SV Eichlinghofen "]
[Site "Verbandsliga, Gruppe 1 2017/2"]
[Date "2017.12.03"]
[Round "4.5"]
[White "Wloka, Sebastian"]
[Black "Hartung, Thomas"]
[Result "1/2-1/2"]
[WhiteElo "1891"]
[BlackElo "1898"]
[PlyCount "51"]
[EventDate "2017.??.??"]

1. d4 Nf6 2. Bg5 e6 3. e4 h6 4. Bxf6 Qxf6 5. Nc3 b6 6. e5 Qd8 7. Qf3 Nc6 8.
O-O-O Be7 9. Qg4 O-O 10. h4 f5 11. exf6 Bxf6 12. Nf3 d5 13. Qg3 Ne7 14. Nb5 c5
15. dxc5 bxc5 16. Qc7 a6 17. Qxd8 Rxd8 18. Na3 e5 19. Nd2 Bf5 20. f3 Be6 21. c4
Nf5 22. cxd5 Bxd5 23. Ne4 Bxa2 24. Nxf6+ gxf6 25. Rxd8+ Rxd8 26. Bxa6 1/2-1/2

[Event "Sport Union Annen 1 - SV Eichlinghofen "]
[Site "Verbandsliga, Gruppe 1 2017/2"]
[Date "2017.12.03"]
[Round "4.6"]
[White "Jeschke, Holger"]
[Black "Brockmann, Michael"]
[Result "0-1"]
[WhiteElo "1922"]
[BlackElo "1961"]
[PlyCount "78"]
[EventDate "2017.??.??"]

1. b4 a5 2. b5 c5 3. c4 e6 4. Bb2 Nf6 5. Nf3 d5 6. e3 Nbd7 7. d4 Qc7 8. Nbd2
Bd6 9. Rc1 O-O 10. Be2 b6 11. O-O Bb7 12. h3 Rac8 13. Rc2 Qb8 14. Qa1 Rfe8 15.
Ne5 Bf8 16. Bf3 Red8 17. Rd1 Nxe5 18. dxe5 Ne8 19. Nf1 dxc4 20. Rxc4 Bxf3 21.
gxf3 Qa8 22. Nd2 a4 23. Ne4 Qa5 24. Nc3 Qa8 25. Ne4 a3 26. Bc3 Rd5 27. Qb1 Rcd8
28. Rxd5 Qxd5 29. Ng5 Qd1+ 30. Qxd1 Rxd1+ 31. Kg2 Nc7 32. Ne4 Nxb5 33. Ra4 Rd3
34. Bd2 Rd8 35. Kf1 Be7 36. Ke2 Kf8 37. Nc3 Nxc3+ 38. Bxc3 b5 39. Ba5 bxa4 0-1

[Event "Sport Union Annen 1 - SV Eichlinghofen "]
[Site "Verbandsliga, Gruppe 1 2017/2"]
[Date "2017.12.03"]
[Round "4.7"]
[White "Dekhtyaryuk, Dimitri"]
[Black "Al Ali, Mohammad"]
[Result "1/2-1/2"]
[WhiteElo "1858"]
[BlackElo "1794"]
[PlyCount "146"]
[EventDate "2017.??.??"]

1. d4 g6 2. Nf3 Bg7 3. Bf4 f5 4. e3 d6 5. Bc4 Nf6 6. c3 Bd7 7. O-O e6 8. Qb3
Qc8 9. Ng5 d5 10. Bd3 O-O 11. Nd2 Ne4 12. Ngxe4 fxe4 13. Be2 Nc6 14. c4 Nxd4
15. exd4 Rxf4 16. cxd5 exd5 17. Qxd5+ Be6 18. Qg5 Qf8 19. g3 Rf5 20. Qe3 Bh6
21. f4 Bd5 22. Nxe4 Re8 23. Bf3 Bxf4 24. gxf4 Rxf4 25. Nf6+ Rxf6 26. Bxd5+ Kg7
27. Rxf6 Qxf6 28. Qxe8 Qxd4+ 29. Kf1 Qxd5 30. Qe7+ Kg8 31. Qe1 Qh1+ 32. Ke2
Qxh2+ 33. Qf2 Qe5+ 34. Kf1 Qb5+ 35. Kg1 Qg5+ 36. Qg2 Qc5+ 37. Kf1 Qb5+ 38. Qe2
Qf5+ 39. Ke1 Qa5+ 40. Kd1 Qd5+ 41. Kc2 Qc5+ 42. Kb3 Qb6+ 43. Kc3 Qf6+ 44. Kd3
Qa6+ 45. Kd2 Qa5+ 46. Kc2 Qc5+ 47. Kb3 Qb6+ 48. Ka4 Qd4+ 49. Ka3 Qc5+ 50. Kb3
Qb6+ 51. Kc3 Qf6+ 52. Kc2 Qc6+ 53. Kd2 Qd5+ 54. Qd3 Qa5+ 55. Kc2 Qc5+ 56. Qc3
Qf5+ 57. Kb3 Qb5+ 58. Qb4 Qd3+ 59. Ka4 Qa6+ 60. Kb3 Qd3+ 61. Qc3 Qb5+ 62. Ka3
Qa6+ 63. Kb3 Qb5+ 64. Kc2 Qe2+ 65. Qd2 Qc4+ 66. Kd1 Qf1+ 67. Qe1 Qd3+ 68. Kc1
Qc4+ 69. Kd2 Qb4+ 70. Kc2 Qc4+ 71. Qc3 Qe2+ 72. Kb3 Qb5+ 73. Qb4 Qd3+ 1/2-1/2

[Event "Sport Union Annen 1 - SV Eichlinghofen "]
[Site "Verbandsliga, Gruppe 1 2017/2"]
[Date "2017.12.03"]
[Round "4.8"]
[White "Helbig, Dieter"]
[Black "Gitschel, Ralf"]
[Result "1/2-1/2"]
[WhiteElo "1662"]
[BlackElo "1855"]
[PlyCount "88"]
[EventDate "2017.??.??"]

1. d4 g6 2. c4 Bg7 3. Nf3 c5 4. Nc3 cxd4 5. Nxd4 Nc6 6. Nxc6 bxc6 7. e4 d6 8.
Be3 Nf6 9. Be2 O-O 10. O-O Bb7 11. Qd2 Re8 12. Rad1 Qa5 13. b4 Qc7 14. Rb1 Qd7
15. f3 Qe6 16. Rfc1 Red8 17. Bf1 d5 18. exd5 cxd5 19. c5 Qf5 20. Nb5 Qc8 21.
Nxa7 Rxa7 22. c6 d4 23. cxb7 Qxb7 24. Bf2 e5 25. Rc5 Nd7 26. Rb5 Qc7 27. Rc1
Qd6 28. Bc4 Nb6 29. Bb3 Na4 30. Rd5 Qe7 31. Rxd8+ Qxd8 32. Qd1 Qa8 33. Qd3 Nc3
34. Rxc3 dxc3 35. Bxa7 Qxa7+ 36. Kf1 Qc7 37. a4 Bf8 38. b5 Bb4 39. Qc2 Ba5 40.
Qa2 Kg7 41. Qe2 Bb6 42. Ke1 Qd6 43. h3 Qd4 44. Bc2 Qg1+ 1/2-1/2

[Event "SV Hamm 1 - SC Mülheim 1"]
[Site "Verbandsliga, Gruppe 2 2017/2"]
[Date "2017.12.03"]
[Round "4.1"]
[White "Viebahn, Dirk"]
[Black "Spyrou, Emmanouil"]
[Result "1-0"]
[WhiteElo "2094"]
[BlackElo "2194"]
[PlyCount "73"]
[EventDate "2017.??.??"]

1. e4 g6 2. d4 Bg7 3. Nc3 c6 4. h3 d5 5. Nf3 Nh6 6. Bf4 O-O 7. Qd2 dxe4 8. Nxe4
Nf5 9. c3 Nd7 10. g4 Nd6 11. Nxd6 exd6 12. Be2 Nf6 13. O-O-O Ne4 14. Qe1 Re8
15. Be3 Ng3 16. Rg1 Nxe2+ 17. Qxe2 Be6 18. Kb1 b5 19. Qc2 a5 20. Nd2 a4 21. a3
Qd7 22. Rde1 f5 23. f3 Rf8 24. Ka1 Kh8 25. Qd3 Bg8 26. Bg5 Rae8 27. Bh4 Qf7 28.
Qb1 c5 29. gxf5 gxf5 30. Bf2 b4 31. Rxg7 Qxg7 32. Rg1 Qf6 33. dxc5 bxc3 34.
bxc3 dxc5 35. Bxc5 Qxc3+ 36. Qb2 Qxb2+ 37. Kxb2 1-0

[Event "SV Hamm 1 - SC Mülheim 1"]
[Site "Verbandsliga, Gruppe 2 2017/2"]
[Date "2017.12.03"]
[Round "4.2"]
[White "Voss, Hubertus"]
[Black "Langschmidt, Dirk"]
[Result "1-0"]
[WhiteElo "2089"]
[BlackElo "1976"]
[PlyCount "57"]
[EventDate "2017.??.??"]

1. e4 c5 2. Nf3 d6 3. Bb5+ Bd7 4. Bxd7+ Qxd7 5. O-O Nc6 6. Re1 g6 7. c3 Bg7 8.
d4 Rd8 9. d5 Ne5 10. Nxe5 dxe5 11. c4 Bh6 12. Nc3 Kf8 13. Rf1 Kg7 14. f4 Bxf4
15. Qf3 f6 16. Bxf4 exf4 17. Qxf4 Qd6 18. e5 Qxe5 19. Qxe5 fxe5 20. Rae1 Nf6
21. Rxe5 Rd7 22. h3 h6 23. Ne2 Ne8 24. Nf4 Nc7 25. Ne6+ Nxe6 26. dxe6 Rc7 27.
Rf7+ Kg8 28. Rd5 Rc8 29. Rd7 1-0

[Event "SV Hamm 1 - SC Mülheim 1"]
[Site "Verbandsliga, Gruppe 2 2017/2"]
[Date "2017.12.03"]
[Round "4.3"]
[White "Riese, Manfred"]
[Black "Schlaap, Ralf"]
[Result "0-1"]
[WhiteElo "1815"]
[BlackElo "2072"]
[PlyCount "86"]
[EventDate "2017.??.??"]

1. c4 Nf6 2. g3 g6 3. Bg2 Bg7 4. Nc3 d6 5. d3 O-O 6. Bg5 h6 7. Bxf6 Bxf6 8. Qd2
Bg7 9. e3 Nd7 10. Nge2 c6 11. O-O e5 12. Rad1 Qe7 13. d4 Nf6 14. dxe5 dxe5 15.
Qd6 Qxd6 16. Rxd6 Be6 17. b3 Rfe8 18. Rfd1 Bf8 19. R6d3 Bb4 20. h3 Kf8 21. Kh2
Ke7 22. e4 Nd7 23. f4 f6 24. Kh1 Nc5 25. R3d2 a5 26. Rb2 Red8 27. Kh2 Bxc3 28.
Nxc3 Rxd1 29. Nxd1 exf4 30. gxf4 Nd3 31. Rd2 Nxf4 32. Kg3 g5 33. Nf2 a4 34. Bf3
axb3 35. axb3 Ra3 36. Rb2 Kd6 37. h4 Ke5 38. hxg5 fxg5 39. Kh2 h5 40. Bd1 Kd4
41. Bc2 Ra1 42. Nd1 Bg4 43. Nf2 Be2 0-1

[Event "SV Hamm 1 - SC Mülheim 1"]
[Site "Verbandsliga, Gruppe 2 2017/2"]
[Date "2017.12.03"]
[Round "4.4"]
[White "Hufelschulte, Norbert"]
[Black "Straenger, Petra"]
[Result "1/2-1/2"]
[WhiteElo "2021"]
[BlackElo "1814"]
[PlyCount "42"]
[EventDate "2017.??.??"]

1. d4 d5 2. Nf3 Nf6 3. e3 c6 4. Bd3 Bg4 5. Nbd2 e6 6. O-O Bd6 7. h3 Bh5 8. Re1
Qc7 9. e4 dxe4 10. Nxe4 Nbd7 11. Nxd6+ Qxd6 12. c3 O-O 13. Bg5 h6 14. Bxf6 Nxf6
15. g4 Bg6 16. Bxg6 fxg6 17. Ne5 g5 18. Ng6 Rf7 19. Ne5 Rff8 20. Ng6 Rf7 21.
Ne5 Rff8 1/2-1/2

[Event "SV Hamm 1 - SC Mülheim 1"]
[Site "Verbandsliga, Gruppe 2 2017/2"]
[Date "2017.12.03"]
[Round "4.5"]
[White "Otto, Michael"]
[Black "Sievert, Jan-Thorwald"]
[Result "0-1"]
[WhiteElo "1707"]
[BlackElo "1985"]
[PlyCount "54"]
[EventDate "2017.??.??"]

1. e4 c5 2. Nf3 d6 3. d4 cxd4 4. Nxd4 Nf6 5. Nc3 a6 6. Qe2 e5 7. Nf5 Bxf5 8.
exf5 Be7 9. Bg5 Nbd7 10. O-O-O Rc8 11. g4 Qa5 12. Bd2 h6 13. Kb1 Qc7 14. Rc1
Nb6 15. Bg2 Nc4 16. Be3 Qa5 17. h4 d5 18. g5 Ne4 19. Bxe4 dxe4 20. gxh6 gxh6
21. Nd1 Qb5 22. Qg4 Na3+ 23. Ka1 Nxc2+ 24. Kb1 Na3+ 25. Ka1 Rxc1+ 26. Bxc1 Nc2+
27. Kb1 Qd3 0-1

[Event "SV Hamm 1 - SC Mülheim 1"]
[Site "Verbandsliga, Gruppe 2 2017/2"]
[Date "2017.12.03"]
[Round "4.6"]
[White "Vierbuchen, Joachim"]
[Black "Heinzel, Peter"]
[Result "1-0"]
[WhiteElo "1884"]
[BlackElo "1911"]
[PlyCount "93"]
[EventDate "2017.??.??"]

1. d4 Nf6 2. c4 e5 3. dxe5 Ng4 4. Nf3 Nc6 5. e3 Bb4+ 6. Bd2 Bxd2+ 7. Nbxd2
Ngxe5 8. Be2 O-O 9. O-O d6 10. Qc2 Qe7 11. h3 b6 12. Qc3 Bb7 13. Rfe1 Rfe8 14.
b4 a5 15. b5 Nb8 16. Nd4 Nbd7 17. f4 Ng6 18. Bg4 Nc5 19. Nf5 Qf8 20. Bf3 Bxf3
21. gxf3 Ne7 22. Ng3 f5 23. Nb3 Nd7 24. Nd4 Qf7 25. Kh2 Nc5 26. Rg1 Kf8 27.
Ndxf5 Nxf5 28. Nxf5 g6 29. Nd4 Qf6 30. Rae1 Re7 31. Qd2 Rae8 32. e4 Ne6 33.
Nxe6+ Rxe6 34. Rg5 R8e7 35. Reg1 Rf7 36. f5 gxf5 37. Rxf5 Qh6 38. Qxh6+ Rxh6
39. Rgg5 Ke7 40. Rxf7+ Kxf7 41. Kg3 Re6 42. h4 Re7 43. Kf4 Re6 44. Ke3 Re7 45.
h5 Kf6 46. f4 Ke6 47. Kd4 1-0

[Event "SV Hamm 1 - SC Mülheim 1"]
[Site "Verbandsliga, Gruppe 2 2017/2"]
[Date "2017.12.03"]
[Round "4.7"]
[White "Achenbach, Manfred"]
[Black "Rau, John"]
[Result "1-0"]
[WhiteElo "1979"]
[BlackElo "1518"]
[PlyCount "51"]
[EventDate "2017.??.??"]

1. Nf3 Nc6 2. d4 d5 3. g3 e6 4. Bg2 Nf6 5. O-O h6 6. b3 a5 7. Bb2 Bd6 8. Nbd2
O-O 9. c4 b6 10. Ne5 Bb7 11. Rc1 a4 12. cxd5 Nb4 13. dxe6 Bxg2 14. exf7+ Kh7
15. Kxg2 Bxe5 16. dxe5 Nfd5 17. Nf3 a3 18. Ba1 Rxf7 19. Qd4 c5 20. Qe4+ Kh8 21.
Rcd1 Rd7 22. e6 Re7 23. Nh4 Re8 24. Qg6 Ra7 25. e4 Nf4+ 26. gxf4 1-0

[Event "SV Hamm 1 - SC Mülheim 1"]
[Site "Verbandsliga, Gruppe 2 2017/2"]
[Date "2017.12.03"]
[Round "4.8"]
[White "Rau, Markus"]
[Black "Kucki, Hermann"]
[Result "1-0"]
[WhiteElo "1506"]
[BlackElo "1749"]
[PlyCount "47"]
[EventDate "2017.??.??"]

1. d4 Nf6 2. c4 d5 3. Nc3 c6 4. Nf3 g6 5. e3 Bg7 6. cxd5 Nxd5 7. Bd2 Nxc3 8.
Bxc3 O-O 9. Bc4 Bg4 10. h3 Bxf3 11. Qxf3 Nd7 12. O-O Nb6 13. Bb3 Nd5 14. e4
Nxc3 15. bxc3 Qa5 16. Rac1 Rac8 17. Qd3 g5 18. f4 c5 19. e5 cxd4 20. Bc2 Rfd8
21. fxg5 Rxc3 22. Qxh7+ Kf8 23. e6 Qxg5 24. Rxf7+ 1-0

[Event "SV Recklinghausen-Süd 1 - SG Bochum 3"]
[Site "Verbandsliga, Gruppe 2 2017/2"]
[Date "2017.12.03"]
[Round "4.1"]
[White "Pilat, Daniel"]
[Black "Beckmann, Klaus"]
[Result "0-1"]
[WhiteElo "2128"]
[BlackElo "2152"]
[PlyCount "90"]
[EventDate "2017.??.??"]

1. d4 g6 2. Nf3 Bg7 3. Nbd2 d6 4. b3 Nf6 5. Bb2 O-O 6. g3 e5 7. dxe5 Ng4 8. Bg2
Nxe5 9. Nxe5 Bxe5 10. Bxe5 dxe5 11. Nc4 Qe7 12. O-O Rd8 13. Qc1 Nd7 14. Rd1 Re8
15. a4 Nb6 16. Ne3 a5 17. c4 c6 18. Qc3 Nd7 19. Rd2 Nc5 20. Rad1 Qc7 21. Nc2
Qb6 22. Qe3 Bf5 23. Na1 Rad8 24. h3 Rxd2 25. Rxd2 Qb4 26. g4 Bc8 27. Nc2 Qb6
28. Kh2 Nd7 29. Qxb6 Nxb6 30. Ne3 Nd7 31. Be4 Nc5 32. Bc2 Be6 33. Nd1 f5 34.
Kg3 Kf7 35. Nc3 Kf6 36. Rd6 e4 37. f4 exf3 38. exf3 Ke5 39. Rd1 f4+ 40. Kf2 Re7
41. Re1+ Kf6 42. g5+ Kf7 43. Re5 b6 44. Ne4 Bxh3 45. Nd6+ Kf8 0-1